Cargando...
Hang Woman: Everyone loves a good hanging
| Autor principal: | |
|---|---|
| Formato: | Printed Book |
| Lenguaje: | Undetermined |
| Publicado: |
Penguin Books,
2014
|
| Materias: |
| LEADER | 00498nam a2200145Ia 4500 | ||
|---|---|---|---|
| 008 | 200324s9999 xx 000 0 und d | ||
| 082 | |a 828.3 |b MEE-H | ||
| 100 | |a Meera, K R | ||
| 245 | 0 | |a Hang Woman: Everyone loves a good hanging | |
| 260 | |b Penguin Books, |c 2014 | ||
| 300 | |a 439p. | ||
| 650 | |a Indian English literature-- Indian fiction | ||
| 942 | |c BK | ||
| 999 | |c 285505 |d 285505 | ||
| 952 | |0 0 |1 0 |4 0 |6 828_300000000000000_MEEH |7 0 |9 304046 |a SDE |b SDE |d 2014-12-22 |l 0 |o 828.3 MEE-H |p SDE21173 |r 2020-03-27 |w 2020-03-27 |y BK | ||